000 01147nam a22003377a 4500
003 CHAP
005 20220329134518.0
008 971013s1974 r 00010 d
010 _a21403
011 _a22375
035 _a26470
040 _cCHAP
090 _aTesis
100 0 0 _aCisneros Sánchez, Manuel.
_923464
245 _aEconomía del Distrito de Papigochic, municipio de Guerrero, Chihuahua, posibilidades y perspectivas
260 _a(México, D.F.) :
_bEl autor,
_c1974
300 _a80 h.
502 _aTesis (Lic. en Economía) -- UNAM. Esc. Nacional de Economía
590 _aALEPH
_b10
_c20130110
_lUCH01
_h1245
590 _aBATCH-UPD
_b10
_c20130110
_lUCH01
_h0311
590 _aBATCH-UPD
_b10
_c20130110
_lUCH01
_h2138
590 _aBATCH-UPD
_b10
_c20130409
_lUCH01
_h2343
590 _aBATCH-UPD
_b10
_c20130410
_lUCH01
_h1447
590 _aBATCH-UPD
_b10
_c20130913
_lUCH01
_h2028
590 _aCONVERSION
_b10
_c20130109
_lUCH01
_h1313
650 1 4 _aAgricultura
_xChihuahua.
_91356
650 1 4 _aDistrito de Riego Río Papigochic, Chih.
_932927
901 _aBK
942 _cTESIS
949 _bBC
_cTES
_d-61064
_eTS1
_i26470
_si
999 _c21403
_d21403